Sa mạc kỳ diệu

Giới thiệu chung về sa mạc và một số sa mạc lớn trên thế giới như sa mạc Sahara, sa mạc Taklamakan... cùng hệ động, thực vật và cuộc sống của con người ở đây

Guardado en:
Detalles Bibliográficos
Autor principal: Dương, Minh Hào
Formato: Libro
Lenguaje:Undetermined
Publicado: Thành phố Hồ Chí Minh Đại học sư phạm Thành phố Hồ Chí Minh 2015
Materias:
Etiquetas: Agregar Etiqueta
Sin Etiquetas, Sea el primero en etiquetar este registro!
Thư viện lưu trữ: Trung tâm Học liệu Trường Đại học Cần Thơ
LEADER 00863nam a2200205Ia 4500
001 CTU_207095
008 210402s9999 xx 000 0 und d
020 |c 48000 
082 |a 551.41 
082 |b H108 
100 |a Dương, Minh Hào 
245 0 |a Sa mạc kỳ diệu 
245 0 |c Dương Minh Hào, Vũ Hoàng Vinh 
260 |a Thành phố Hồ Chí Minh 
260 |b Đại học sư phạm Thành phố Hồ Chí Minh 
260 |c 2015 
520 |a Giới thiệu chung về sa mạc và một số sa mạc lớn trên thế giới như sa mạc Sahara, sa mạc Taklamakan... cùng hệ động, thực vật và cuộc sống của con người ở đây 
650 |a Địa mạo,Geomorphology 
904 |i Tuyến 
980 |a Trung tâm Học liệu Trường Đại học Cần Thơ